Claves para un estatuto de los becarios y la mejora de los períodos de prácticas académicas a partir del análisis de los "stages" franceses (Registro nro. 50255)
[ vista simple ]
| 000 -CABECERA | |
|---|---|
| Longitud fija campo de control | 01299naa a2200325 c 4500 |
| 001 - NÚMERO DE CONTROL | |
| Número de control | 50255 |
| 003 - IDENTIFICADOR DE NÚMERO DE CONTROL | |
| Identificador del número de control | ES-MaCES |
| 005 - FECHA Y HORA DE LA ÚLTIMA TRANSACCIÓN | |
| Fecha y hora de la última transacción | 20171121132631.0 |
| 008 - CAMPO FIJO DE DESCRIPCIÓN FIJA--INFORMACIÓN GENERAL | |
| Códigos de información de longitud fija | 171121s2017 sp ||||| t||||||| ||spa d |
| 040 ## - FUENTE DE CATALOGACIÓN | |
| Centro catalogador de origen | ES-MaCES |
| Lengua de catalogación | spa |
| Centro transcriptor | ES-MaCES |
| Centro modificado | ES-MaCES |
| 100 1# - ENCABEZAMIENTO PRINCIPAL--NOMBRE PERSONAL | |
| 9 (RLIN) | 11484 |
| Nombre de persona | Esteve Segarra, María Amparo |
| 245 10 - MENCIÓN DE TÍTULO | |
| Título | Claves para un estatuto de los becarios y la mejora de los períodos de prácticas académicas a partir del análisis de los "stages" franceses |
| Mención de responsabilidad, etc. | María Amparo Esteve Segarra |
| 500 ## - NOTA GENERAL | |
| Nota general | Resumen |
| 504 ## - NOTA DE BIBLIOGRAFÍA, ETC. | |
| Nota de bibliografía, etc. | Bibliografía: p. 37-38 |
| 650 #4 - ASIENTO SECUNDARIO DE MATERIA--TÉRMINO DE MATERIA | |
| 9 (RLIN) | 29320 |
| Término de materia o nombre geográfico como elemento inicial | período de práctica |
| 650 #4 - ASIENTO SECUNDARIO DE MATERIA--TÉRMINO DE MATERIA | |
| 9 (RLIN) | 27441 |
| Término de materia o nombre geográfico como elemento inicial | estudiante |
| 650 #4 - ASIENTO SECUNDARIO DE MATERIA--TÉRMINO DE MATERIA | |
| 9 (RLIN) | 27403 |
| Término de materia o nombre geográfico como elemento inicial | beca |
| 650 #4 - ASIENTO SECUNDARIO DE MATERIA--TÉRMINO DE MATERIA | |
| 9 (RLIN) | 29305 |
| Término de materia o nombre geográfico como elemento inicial | formación práctica |
| 650 #4 - ASIENTO SECUNDARIO DE MATERIA--TÉRMINO DE MATERIA | |
| 9 (RLIN) | 27394 |
| Término de materia o nombre geográfico como elemento inicial | formación profesional |
| 650 #4 - ASIENTO SECUNDARIO DE MATERIA--TÉRMINO DE MATERIA | |
| 9 (RLIN) | 29447 |
| Término de materia o nombre geográfico como elemento inicial | transición a la vida profesional |
| 650 #4 - ASIENTO SECUNDARIO DE MATERIA--TÉRMINO DE MATERIA | |
| 9 (RLIN) | 28178 |
| Término de materia o nombre geográfico como elemento inicial | empresa |
| 650 #4 - ASIENTO SECUNDARIO DE MATERIA--TÉRMINO DE MATERIA | |
| 9 (RLIN) | 29976 |
| Término de materia o nombre geográfico como elemento inicial | relación formación empleo |
| 650 #4 - ASIENTO SECUNDARIO DE MATERIA--TÉRMINO DE MATERIA | |
| 9 (RLIN) | 28369 |
| Término de materia o nombre geográfico como elemento inicial | relaciones laborales |
| 650 #4 - ASIENTO SECUNDARIO DE MATERIA--TÉRMINO DE MATERIA | |
| 9 (RLIN) | 28327 |
| Término de materia o nombre geográfico como elemento inicial | condiciones de trabajo |
| 650 #4 - ASIENTO SECUNDARIO DE MATERIA--TÉRMINO DE MATERIA | |
| 9 (RLIN) | 27165 |
| Término de materia o nombre geográfico como elemento inicial | derecho del trabajo |
| 653 10 - TÉRMINO DE INDEXACIÓN--NO CONTROLADO | |
| Término no controlado | Relaciones laborales-Empleo |
| 773 0# - ENTRADA DE DOCUMENTO FUENTE | |
| Itemnumber del ítem fuente | 86532 |
| Lugar, editor y fecha de publicación | Las Rozas, Madrid Wolters Kluwer España 2015- |
| Otro identificador del documento | 089429 |
| Título | Trabajo y derecho |
| Número de control del registro relacionado | (ES-MaCES)45892 |
| Parte(s) relacionada(s) | n. 33 (sept. 2017) {55/1129 R. 089429} ;p. 23-38 |
| 902 ## - CES. TIPO DE DOCUMENTO | |
| Tipodoc (006$c Sirtex) | ART Artículo de revista |
| 942 ## - ELEMENTOS KOHA | |
| Fuente de clasificaión o esquema | Clasificación propia del CES |
| Koha [por defecto] tipo de item | Artículos (1982-2017) |
| Parte de clasificación | Relaciones Laborales y Rel. Lab.- Empleo |
No hay ítems disponibles.
